शाकाहारी व्यंजन (Record no. 3838)

MARC details
000 -LEADER
fixed length control field 01239 a2200217 4500
005 - DATE AND TIME OF LATEST TRANSACTION
control field 20080912113346.0
008 - FIXED-LENGTH DATA ELEMENTS--GENERAL INFORMATION
fixed length control field 080912t xxu||||| |||| 00| 0 hin d
010 ## - LIBRARY OF CONGRESS CONTROL NUMBER
LC control number HIN-79827
020 ## - INTERNATIONAL STANDARD BOOK NUMBER
Terms of availability 150.00
035 ## - SYSTEM CONTROL NUMBER
System control number HN-52173
037 ## - SOURCE OF ACQUISITION
Source of stock number/acquisition D.B.Act / pub
082 ## - DEWEY DECIMAL CLASSIFICATION NUMBER
Classification number 641.5636
100 ## - MAIN ENTRY--PERSONAL NAME
Personal name अग्रवाल, वन्दना
245 ## - TITLE STATEMENT
Title शाकाहारी व्यंजन
Statement of responsibility, etc वन्दना अग्रवाल
Remainder of title (150 से अधिक सरल,किफायती और स्वादिष्ट व्यंजन बनाने की विधियाँ)
246 ## - VARYING FORM OF TITLE
Title proper/short title Shakahari Vaijan
Remainder of title by Vandana Agarwal
260 ## - PUBLICATION, DISTRIBUTION, ETC. (IMPRINT)
Place of publication, distribution, etc दिल्ली
Name of publisher, distributor, etc वर्ल्ड बुक कम्पनी
Date of publication, distribution, etc 2005
270 ## - ADDRESS
Address चावड़ी बाजार, पोस्ट बाँक्स नं.1300
City दिल्ली
Postal code 110006
300 ## - PHYSICAL DESCRIPTION
Extent 160पृ.
Dimensions 22 सेमी (अजिल्द)
Other physical details (सचित्र)
942 ## - ADDED ENTRY ELEMENTS (KOHA)
Institution code [OBSOLETE] dpl
Koha item type Hindi Books
Call number prefix 641.5636 / अग्रवा
Source of classification or shelving scheme Dewey Decimal Classification
Classification part 641.5636
Call number suffix अग्रवा
Holdings
Withdrawn status Lost status Damaged status Not for loan Home library Current library Date acquired Cost, normal purchase price Total Checkouts Full call number Barcode Date last seen Copy number Uniform Resource Identifier Cost, replacement price Price effective from Koha item type
        D.B.Act.Division D.B.Act.Division 12/09/2008 150.00   641.5636 अग्रवा HN-52173 15/09/2008 1 4078 150.00 15/09/2008 Hindi Books

© Delhi Public Library
Hit Counter
free hit counter